Statistiques concernant Mammifères par image n°3

Cliquez ici pour prendre le quiz!

Statistiques générales

  • Ce quiz a été pris 7 875 fois
  • Le résultat moyen est 10 sur 18

Statistiques - réponses

Réponse% Correct
Koala
99%
Gorille
98%
Lynx
93%
Rhinoceros
92%
Élan
85%
Buffle d'Afrique
84%
Suricate
75%
Tapir
66%
Renard arctique
65%
Mouffette
52%
Belette
50%
Chinchilla
40%
Pangolin
40%
Capybara
31%
Tamia
22%
Wombat
21%
Bœuf musqué
14%
Échidné
14%

Distribution des résultats

Percentile par nombre de réponses

% des personnes avec chaque résultat

Votre développement - résultats

Vous n’avez pas pris ce quiz